Central Library OPAC University of Rajshahi

Investigating English style / (Record no. 17519)

MARC details
000 -LEADER
fixed length control field 00922nam a2200313 a 4500
001 - CONTROL NUMBER
control field 17519
003 - CONTROL NUMBER IDENTIFIER
rucl marc code BD-RjUL
005 - DATE AND TIME OF LATEST TRANSACTION
control field 20211209000144.0
008 - FIXED-LENGTH DATA ELEMENTS--GENERAL INFORMATION
fixed length control field 140217t1969 enkh b 001 0 eng
020 ## - INTERNATIONAL STANDARD BOOK NUMBER
International Standard Book Number 0582522129
International Standard Book Number 0582550114 (pbk)
035 ## - SYSTEM CONTROL NUMBER
System control number (BD-RjUL)17577
040 ## - CATALOGING SOURCE
Original cataloging agency DLC
Transcribing agency DLC
Modifying agency m.c
-- BD-RjUL
Language of cataloging eng
041 ## - LANGUAGE CODE
Language code of text/sound track or separate title eng
082 04 - DEWEY DECIMAL CLASSIFICATION NUMBER
Classification number 808
Author mark and year CRI 1969
100 1# - MAIN ENTRY--PERSONAL NAME
Personal name Crystal, David,
Dates associated with a name 1941-
9 (RLIN) 19106
245 10 - TITLE STATEMENT
Title Investigating English style /
Statement of responsibility, etc. David Crystal [and] Derek Davy
260 ## - PUBLICATION, DISTRIBUTION, ETC. (IMPRINT)
Place of publication, distribution, etc. Harlow :
Name of publisher, distributor, etc. Longmans,
Date of publication, distribution, etc. 1969.
300 ## - PHYSICAL DESCRIPTION
Pagination [xiii, 264 p. :
Illustrations facsims ;
Size 23 cm.
504 ## - BIBLIOGRAPHY, ETC. NOTE
Bibliography, etc Includes index
650 #0 - SUBJECT ADDED ENTRY--TOPICAL TERM
Topical term or geographic name as entry element English language
General subdivision Style
9 (RLIN) 52987
Topical term or geographic name as entry element English language
General subdivision Rhetoric
9 (RLIN) 53985
Topical term or geographic name as entry element English language
General subdivision Intonation
9 (RLIN) 53986
700 1# - ADDED ENTRY--PERSONAL NAME
Personal name Davy, Derek.
830 #0 - SERIES ADDED ENTRY--UNIFORM TITLE
Uniform title English language series
942 ## - ADDED ENTRY ELEMENTS (KOHA)
Source of classification or shelving scheme Dewey Decimal Classification
Koha item type Books
Holdings
Lost status Source of classification or shelving scheme Damaged status Not for loan Collection code Permanent Location Current Location Shelving location Date acquired Source of acquisition Cost, normal purchase price Total Checkouts Full call number Date last seen Copy number Koha item type
  Dewey Decimal Classification   Not For Loan Fiction Central Library, University of Rajshahi Central Library, University of Rajshahi Reading Room 21/05/1970 Green book house 24.50   808 CRI 1969 17/02/2014 C-1 Books